Music Quiz

Random Music or Kpop Quiz

Idols from KPOP groups Quiz Stats

Quiz not verified by Sporcle

Challenge
Share
Tweet
Embed
Score 0/298 Timer 20:00
0 Plays Today
Member % Correct
D.O
97.4%
Min
96.1%
Key
94.2%
Minho
94%
G-Dragon
93.3%
Minho
93.1%
Kris
92.7%
Luhan
92.7%
Taemin
92.2%
Jenissi
92%
Jun
92%
Kai
91.8%
Sehun
91.8%
Onew
91.8%
TOP
91.8%
Seungri
91.6%
Jin
91.6%
Leeteuk
91.4%
Chanyeol
91.4%
Tao
91.4%
Suho
91.2%
Jonghyun
90.5%
Jonghyun
90.5%
Henry
90.3%
Xiumin
90.3%
Bom
90.3%
Heechul
90.1%
Baekhyun
90.1%
CL
90.1%
Heechul
89.9%
Siwon
89.7%
Lay
89.4%
Taeyang
89.4%
Daesung
89.4%
Chen
89.2%
Amber
89.2%
Tiffany
89%
Shindong
88.6%
Sunny
87.9%
Jr.
87.7%
JR
87.7%
Jessica
87.5%
Krystal
87.5%
Minzy
87.1%
G.O
87.1%
Donghae
86.6%
Sulli
86.4%
Dara
86.4%
Hyuna
86.2%
Taeyeon
86%
Eunhyuk
85.3%
Ryeowook
85.3%
Kyuhyun
85.1%
Victoria
84.7%
Luna
84.7%
Yoona
84.5%
Yuri
84.3%
Rap Monster
83.4%
Zelo
83.3%
Kan
82.3%
Changmin
81.5%
Dongwoo
81.5%
Seohyun
81.3%
Jimin
81.3%
Jimin
81.3%
G:amma
80.8%
Yesung
80.6%
Sungmin
80.6%
Kevin
80.6%
Kevin
80.6%
Sungmin
80.6%
JB
80.2%
J-Hope
80.2%
Minhyuk
80.2%
Minhyuk
80.2%
Zico
79.7%
Suzy
79.5%
Suga
79.5%
P.O
79.5%
T.O
79.1%
Zhoumi
78.9%
Jun. K
78.7%
Leo
78.7%
Yoseob
78%
Seungho
78%
Kangin
77.8%
Mir
77.8%
Hyoyeon
77.6%
Hoya
77.6%
Changmin
77.4%
Thunder
77.4%
Daehyun
77.2%
Sooyoung
76.9%
Jungkook
76.9%
Ken
76.9%
Yunho
76.7%
Hyuk
76.7%
Ren
76.5%
Himchan
76.5%
Niel
76.3%
Member % Correct
Yongguk
76.3%
Taecyeon
75.6%
Sungkyu
75.6%
Lee Joon
75.6%
C.A.P
75%
Fei
74.8%
Ilhoon
74.8%
L
74.8%
Kibum
74.6%
N
74.6%
Jia
74.1%
Bora
74.1%
Ravi
73.9%
Youngjae
73.7%
Woohyun
73.5%
Hyorin
73.5%
Junsu
73.5%
Hongbin
73.3%
V
73.1%
Sungyeol
72.8%
Jongup
72.8%
Jaejoong
72.4%
Sungjong
72%
Peniel
71.8%
Kikwang
71.6%
Doojoon
71.1%
Sungjae
71.1%
Baro
71.1%
Ricky
71.1%
L.Joe
70.9%
B-Bomb
70.7%
Hyunseung
70.5%
Dongwoon
70.5%
Taeil
70%
U-Kwon
69.8%
Chunji
69.8%
Wooyoung
69.2%
Changjo
69.2%
CNU
68.3%
Junho
68.1%
Junhyung
68.1%
Kyung
68.1%
Eli
68.1%
Aron
67.7%
Yoochun
67.7%
Nichkhun
67.5%
Gain
67.5%
Hyunsik
66.8%
Eunkwang
66.6%
Sandeul
66.4%
JoKwon
66.2%
Chansung
66.2%
Eunji
65.9%
Jaehyo
65.7%
Jinyoung
65.3%
Changsub
65.1%
Gongchan
65.1%
Soohyun
64.9%
Minwoo
64.9%
Minwoo
64.9%
Minwoo
64.9%
Soohyun
64.9%
Gayoon
64.4%
Baekho
64.4%
Dasom
64%
Naeun
63.6%
Minhyun
63.4%
Jinwoo
62.9%
Yonghwa
62.9%
Kiseop
62.7%
Hara
62.3%
Hongki
62.1%
Sohyun
61.9%
Soyou
61.6%
Bomi
61.2%
Kwangmin
60.6%
AJ
60.6%
Hoon
60.6%
Sohee
60.1%
Jihyun
59.5%
Youngmin
59.1%
Jiyoon
58.8%
Seulong
57.8%
Narsha
57.3%
Jinwoon
56.9%
Taehyun
55.2%
Boram
55.2%
Qri
55.2%
Siwan
55.2%
Chorong
55%
Yubin
53.9%
Hana
53.9%
Jiyeon
53.4%
Miryo
53.4%
Xero
53%
Kwanghee
53%
Hansol
52.6%
JeA
52.6%
P-Goon
52.4%
Gyu-ri
52.4%
Member % Correct
A-Tom
51.9%
B-Joo
51.1%
Hyungsik
51.1%
Jude
51.1%
Sunhwa
50.9%
B:eta
50.6%
Hyosung
50.6%
Kidoh
50.6%
Rome
50.6%
Sunye
50.4%
Donghyun
50.2%
Jieun
50.2%
C:ode
49.8%
Jeongmin
49.6%
Jungshin
49.4%
Eunjung
49.1%
Nakta
48.5%
Hyomin
48.3%
Dongjun
48.1%
Hyunjoong
47.8%
Yano
46.3%
Namjoo
45.9%
D:elta
45.3%
Seunghyun
45.3%
Maru
45%
Sangdo
44.8%
Hojoon
44.6%
Jiyoung
44.4%
Jaejin
44.4%
Hyunseong
44.2%
Seunghoon
43.8%
Daeryong
43.8%
Seungyoon
43.3%
Soryong
42.9%
Gohn
42.7%
Minhwan
42.5%
T.K
42.5%
Yeeun
42.2%
Hayoung
42.2%
E:psilon
42%
Soyeon
41.2%
Hyungjun
40.5%
Seogoong
40.3%
Seungyeon
40.3%
Hyelim
40.1%
Ray
39.9%
F:ie
39.2%
Rockhyun
39.2%
Feeldog
38.8%
H:eta
38.6%
I:ota
38.6%
Jaekyung
38.4%
J:eta
38.1%
Jonghoon
37.9%
Jungmin
37.1%
Kang Jun
36.9%
Siwoo
36.4%
Taeheon
35.8%
King
35.8%
Woori
35.8%
Junyung
34.7%
Changbum
34.7%
AO
34.3%
E.Den
34.1%
Sanghoon
33.6%
Yerin
33.4%
Rasa
31.9%
Youngsaeng
31.7%
Chanyong
31.5%
Kyujong
31.3%
Hyukjin
31%
Jonghwan
30.4%
J-Hyo
30%
Red
28.7%
Chanhyuk
26.9%
Jisook
26.9%
Jerry
26.5%
Noeul
26.3%
Baram
25.2%
Seungah
25%
Hyeongkon
24.6%
Raehwan
24.4%
Hyunyoung
24.4%
Seungjin
24.1%
Lumin
23.7%
Seungyub
22.6%
Jaehyung
22.4%
Haru
22%
Jinon
22%
Yejun
22%
Yoonhye
22%
Sunghak
20.9%
Taehee
20.3%
Yunyoung
20.3%
Raehyun
19.2%
Daegun
19%
Hyojun
19%
Yooseung
15.9%

You're not logged in!

Compare scores with friends on all Sporcle quizzes.
Join for Free
OR
Log In

You Might Also Like...

Show Comments

Extras

Created Nov 25, 2013ReportNominate
Tags:Kpop Quiz, group, idol

Top Quizzes Today


Score Distribution

Your Account Isn't Verified!

In order to create a playlist on Sporcle, you need to verify the email address you used during registration. Go to your Sporcle Settings to finish the process.

Report this User

Report this user for behavior that violates our Community Guidelines.

Details: